000 00388nam a2200157Ia 4500
008 240729s9999 xx 000 0 und d
022 _a2196-4092
245 0 _aGeoscience Letters
260 _aSwitzerland
260 _bSpringerOpen
650 _a Geology
650 _aScience
856 _uhttps://doaj.org/toc/dfdd42be68ba47b7831ef9e57e3d5719
942 _2ddc
942 _cDOAJEJ
999 _c74239
_d74239
945 _a1
_bMadushi Gamage
_c1
_dMadushi Gamage